000 01425nam a22002657a 4500
003 MX-MxUPN
005 20230929063759.0
007 cr |||aaa|||||
008 230322s2004 ke|a|||fo|||| 00| 0 spa d
020 _a928072518
040 _aMX-MxUPN
_bspa
_cMX-MxUPN
_eaacr2
050 4 _aGE195.9
245 _aLa mujer y el medio ambiente
_h[recurso electrónico en línea]
260 _aNairobi, Kenya :
_bPrograma de las Naciones Unidas para el Medio Ambiente,
_c2004
300 _a1 recurso en línea (142 páginas : ilustraciones a color) :
_bPDF
490 0 _aColección de publicaciones sobre políticas
500 _aEs bibliografía básica de la Maestría en Desarrollo Educativo.
505 _t La mujer, el medio ambiente y el desarrollo sostenible : estableciendo los vínculos. --
_t La mujer y la diversidad biológica : la base de la existencia. --
_t La mujer y la desertificación : una relación dinámica. --
_tLa mujer y la gestión de los recursos hídricos : un enfoque integrado. --
_tHacia la incorporación de una perspectiva de género en las políticas ambientales. --
_tEs hora de actuar.
506 0 _aAcceso abierto
610 2 4 _aUniversidad Pedagógica Nacional (México).
_bMaestría en Desarrollo Educativo
_950088
650 4 _922960
_aMujeres y el medio ambiente
856 4 0 _uhttps://wedocs.unep.org/20.500.11822/13743
902 _aVíctorGodínez/220323
942 _2lcc
_cLIBRO-E
999 _c209402
_d209402